Koronavírus na Slovensku a v Európe

Priblíženie toho, ako sa javí vývoj koronavírusu (COVID-19) na Slovensku v kontexte vybraných európskych krajín. Pohľad na susedné krajiny, ale aj niektoré krajiny, v ktorých bola situácia okolo pandémie veľmi pozorne sledovaná a komunikovaná. Porovnanie medzi krajinami zrealizované pomocou viacerýc...

Ausführliche Beschreibung

Gespeichert in:
Bibliographische Detailangaben
1. Verfasser: Cár, Mikuláš
Format: Buchkapitel
Sprache:Slowakisch
Schlagworte:
Tags: Tag hinzufügen
Keine Tags, Fügen Sie das erste Tag hinzu!

MARC

LEADER 00000naa a2200000 4500
001 0269571
005 20201116112453.1
041 0 |a slo 
044 |a SK 
245 1 0 |a Koronavírus na Slovensku a v Európe  |c Mikuláš Cár 
520 |a Priblíženie toho, ako sa javí vývoj koronavírusu (COVID-19) na Slovensku v kontexte vybraných európskych krajín. Pohľad na susedné krajiny, ale aj niektoré krajiny, v ktorých bola situácia okolo pandémie veľmi pozorne sledovaná a komunikovaná. Porovnanie medzi krajinami zrealizované pomocou viacerých ukazovateľov. 
610 2 0 |a porovnanie štatistické 
610 2 0 |a porovnanie medzinárodné 
610 2 0 |a Slovensko 
610 2 0 |a Európa 
610 2 0 |a vírusy 
610 2 0 |a koronavírus 
100 1 |a Cár, Mikuláš